| 000 | 00687nam a2200241Ia 4500 | ||
|---|---|---|---|
| 003 | GCL | ||
| 008 | 140319s9999 xx 000 0 ara d | ||
| 040 |
_aGCL / _cGCL |
||
| 082 | 0 | 4 |
_a811.61 _bش ش |
| 100 | 1 | _aالطاهر احمد مكى | |
| 245 | 1 | 0 |
_aالشعر العربى فى اسبانيا / _cالطاهر احمد مكى |
| 700 | 1 | _aشاك، فون | |
| 260 |
_a[S.N] : _bدار المعارف ، _c1991 |
||
| 300 | _a205 ص | ||
| 490 | _a | ||
| 650 | 0 | 4 | _aالشعر العربى |
| 650 | 0 | 4 | _aالشعر الوصفى |
| 650 | 0 | 4 | _aالاندلس |
| 650 | 0 | 4 | _aدواوين وقصائد |
| 650 | 0 | 4 | _aالشعراء |
| 650 | 0 | 4 | _aالمديح |
| 942 |
_2ddc _cBK |
||
| 999 |
_c29907 _d29907 |
||